| 000 | 00987nam a22002774a 4500 | ||
|---|---|---|---|
| 005 | 20080729164931.0 | ||
| 008 | 080416s2008 waua 001 0 eng | ||
| 010 | _aENG-91491 | ||
| 020 |
_a8177355058 _c75.00 |
||
| 035 | _aEN-75024 | ||
| 037 | _bDBAD / PUB | ||
| 040 |
_aDPL _bEnglish |
||
| 082 | _a005.13 | ||
| 100 | _aMohan, S. | ||
| 245 |
_aBusiness application programming: _cby S. Mohan _b('C' programming) / |
||
| 250 | _a2nd ed | ||
| 260 |
_aChennai _bPavai Publications _c2008 |
||
| 270 |
_a142, Jani Jan Khan Raod, Royapettah, _bChennai _e600014 |
||
| 300 |
_av, 161p. _c20cm (pbk) |
||
| 500 | _aIncludes appendix | ||
| 650 | _aComputer programming | ||
| 650 | _aC (Computer program language) | ||
| 650 |
_aBusiness _xData processing |
||
| 942 |
_2ddc _cEN _mMOH _h005.13 |
||
| 999 |
_c17515 _d17515 |
||